Conocimiento del medio : 4 primaria : Comunidad de Madrid

Gespeichert in:
Bibliographische Detailangaben
1. Verfasser: Verger, Tomás .
Format: Buch
Sprache:Spanisch
Erschienen: [Zaragoza] : Edelvives, D.L. 2012
Katalog:MANES:  Suchergebnis im Bibliothekskatalog
Schulbuchspezifische Eigenschaften:
Schriftenreihe:Pixépolis
Tags: Tag hinzufügen
Keine Tags, Fügen Sie den ersten Tag hinzu!
Hinzugefügt zu:01.06.2011
Geändert in:07.05.2025

MARC

LEADER 00000cam a2200000 i 4500
005 20250507134345.0
008 110602s2012 espao fp 000 0 spa d
020 |a 9788426383358 
040 |a uned  |b spa  |c entro-manes 
100 1 |a Verger, Tomás .  |9 36422 
245 1 0 |a Conocimiento del medio :   |b 4 primaria : Comunidad de Madrid /   |c autor, Tomás Verger ; revisión técnica, Esther Vázquez, Manuel García 
260 |a [Zaragoza] :   |b Edelvives,   |c D.L. 2012 
300 |a 16 p. :   |b il. 
490 0 |a Pixépolis 
546 |a España 
561 |5 es-BUNED  |3 L.T.M. 3075  |a España. Fondo Manes UNED  |k MANES 
690 0 |a CN  |a CS 
691 0 |a PRI 
942 |2 ddc  |c BK 
999 |c 92548  |d 92548 
999 |c manes:92548  |d 92548